000 00692nam a2200217Ia 4500
003 OSt
005 20240716094629.0
008 210210b1989 xxu||||| |||| 00| 0 eng d
040 _cAL
041 _aKannada
082 _aK894.3 YANB
100 _aYANDAMURI VIRENDRANATH.
_dಯಂಡಮೂರಿ ವೀರೇಂದ್ರನಾಥ್
_9173575
245 _aBeda Krishna ranginata
_bಬೇಡ ಕೃಷ್ಣ ರಂಗಿನಾಟ.
260 _aBengaluru
_bSahitya Prakashana
_c1989
300 _a183
650 _aRaja Chendur
_9173576
690 _aKannada Fiction
_9173577
700 _aRaja Chendur.
_dರಾಜ ಚೆಂಡೂರ್ Tr.
_9173578
906 _a042946
942 _2ddc
_cBK
999 _c92238
_d92238